[Event "Geneve op"]
[Site "Geneve"]
[Date "1997.??.??"]
[Round "9"]
[White "Schild, Christophe"]
[Black "Cesareo, Fabio"]
[Result "1-0"]
[WhiteElo "2110"]
[BlackElo "2095"]

1.e4 c5 2.c3 Nf6 3.e5 Nd5 4.d4 cxd4 5.cxd4 e6 6.Nc3 Nxc3 7.bxc3 b6 8.Nf3 Bb7
9.Bd3 d6 10.O-O Qc7 11.Bd2 Nd7 12.exd6 Bxd6 13.h3 O-O 14.Re1 h6 15.a4 Nf6
16.Ne5 Rfd8 17.a5 Bxe5 18.Rxe5 Qc6 19.Bf1 Rd5 20.a6 Bc8 21.Qf3 Rd6 22.Qg3 Kh8
23.Qh4 Ng8 24.Be2 Rb8 25.Rh5 Rd5 26.Bf3 Rxh5 27.Qg3 Qxf3 28.Qxf3 Rf5 29.Qc6 Nf6
30.g4 Rd5 31.Bf4 Bd7 32.Qxd5 Nxd5 33.Bxb8 Nxc3 34.Bxa7 Ne2+ 35.Kh2 Nxd4 36.Bxb6 Nf3+
37.Kg3 Bc6 38.a7 Ng5 39.a8=Q+ Bxa8 40.Rxa8+ Kh7 41.Be3 Ne4+ 42.Kf4 Nf6 43.Rd8 g5+
44.Ke5 Kg7 45.f4 Kg6 46.f5+ exf5 47.gxf5+ Kg7 48.Bd4 Nh5 49.Kd6+ f6  1-0

[Event "BL2-S9798"]
[Site "Germany"]
[Date "1997.??.??"]
[Round "?.2"]
[White "Mann, Christian"]
[Black "Stocek, Jiri"]
[Result "1/2-1/2"]
[WhiteElo "2460"]
[BlackElo "2470"]

1.e4 c5 2.c3 Nf6 3.e5 Nd5 4.d4 cxd4 5.cxd4 g6 6.Nf3 Bg7 7.Qb3 Nb6 8.a4 d6
9.a5 Be6 10.Qb5+ Bd7 11.Qb3 Be6 12.Qb5+ Bd7 13.Qb3 Be6  1/2-1/2

[Event "BL2-S9697"]
[Site "Germany"]
[Date "1997.??.??"]
[Round "?.4"]
[White "Huber, Armin"]
[Black "Mandel, Andreas"]
[Result "1-0"]
[WhiteElo "2330"]
[BlackElo "2360"]

1.e4 c5 2.c3 Nf6 3.e5 Nd5 4.Nf3 d6 5.exd6 Qxd6 6.d4 cxd4 7.Nxd4 Nc6 8.Be2 Nxd4
9.Qxd4 e5 10.Bb5+ Bd7 11.Bxd7+ Kxd7 12.Qe4 Qc6 13.O-O Bd6 14.Rd1 Nf6 15.Qxe5 Rae8
16.Qf5+ Kc7 17.Bf4 Re4 18.Qa5+ Kb8 19.Bxd6+ Qxd6 20.Nd2 Re2 21.Nf3 Qe7 22.Re1 Re8
23.h3 Qd6 24.Rxe2 Rxe2 25.Qb5 Qe7 26.Kf1 Re6 27.Re1 Ne4 28.Rd1 Rb6 29.Qe2 Re6
30.Qc2 Qc5 31.Rd4 f5 32.Qb3 Re8 33.Qf7 Rc8 34.Kg1 Qb5 35.Rb4 Qc6 36.Qxf5 Nf6
37.Nd4 Qd6 38.Qf3 Qe7 39.Nc6+ Rxc6 40.Qxc6 Qxb4 41.Qxf6 Qa5 42.Qf8+ Kc7 43.Qxg7+ Kc6
44.Qh6+  1-0

[Event "BL9697 (Women)"]
[Site "Germany"]
[Date "1997.??.??"]
[Round "?"]
[White "Werner, Veronika"]
[Black "Weng, Annegret"]
[Result "1-0"]
[WhiteElo "2210"]
[BlackElo "2085"]

1.e4 c5 2.c3 Nf6 3.e5 Nd5 4.d4 cxd4 5.Nf3 e6 6.cxd4 b6 7.Nc3 Nxc3 8.bxc3 Qc7
9.Bd2 d6 10.Bd3 Bb7 11.O-O Nd7 12.Ng5 dxe5 13.Qh5 g6 14.Qh3 Be7 15.Rfe1 Qd8
16.Nxe6 fxe6 17.Qxe6 Rc8 18.Bb5 a6 19.Qxe5 Rf8 20.Bxd7+ Qxd7 21.Bg5 Rf7 22.Qh8+ Rf8
23.Qxh7  1-0

[Event "Oberliga Nord O9697"]
[Site "Germany"]
[Date "1997.??.??"]
[Round "?"]
[White "Rosenthal, Dirk"]
[Black "Baumbach, Friedrich"]
[Result "1/2-1/2"]
[WhiteElo "2320"]
[BlackElo "2320"]

1.e4 c5 2.c3 Nf6 3.e5 Nd5 4.d4 cxd4 5.cxd4 d6 6.Bc4 Nb6 7.Bb5+ Bd7 8.e6 fxe6
9.Bd3 g6 10.h4 Bg7 11.h5 Bc6 12.Qg4 Kd7 13.Be3 Na6 14.a3 Nc7 15.Nc3 Nbd5
16.Nge2 Nxc3 17.Nxc3 Qf8 18.h6 Bf6 19.O-O-O Nd5 20.Bc4 Kc7 21.Rd3 Rc8 22.Qxe6 Nxc3
23.Rxc3 Kb8 24.f3 Qd8 25.Kb1 Bd7 26.Qd5 Bc6 27.Qf7 Be8  1/2-1/2

[Event "BL2-O9697"]
[Site "Germany"]
[Date "1997.??.??"]
[Round "?.5"]
[White "Dutschak, Hauke"]
[Black "Boehlig, Heinz"]
[Result "1-0"]
[WhiteElo "2280"]
[BlackElo "2295"]

1.e4 c5 2.c3 Nf6 3.d3 Nc6 4.f4 d6 5.Nf3 g6 6.Be3 Bg7 7.Nbd2 O-O 8.h3 Nh5
9.g4 Ng3 10.Rg1 Nxf1 11.Nxf1 b5 12.Qd2 b4 13.c4 Qa5 14.Rg2 e6 15.f5 b3 16.Qxa5 Nxa5
17.a3 Re8 18.O-O-O Bd7 19.Bd2 Nc6 20.Bf4 exf5 21.gxf5 Ne5 22.Nxe5 dxe5 23.Be3 Rec8
24.Bd2 Rc6 25.Ne3 Kf8 26.Rf1 Rd8 27.Nd5 gxf5 28.exf5 Bh6 29.Bxh6+ Rxh6 30.Rfg1  1-0

[Event "BL2-N9697"]
[Site "Germany"]
[Date "1997.??.??"]
[Round "?.8"]
[White "Michna, Christian"]
[Black "Lipinsky, Fabian"]
[Result "1/2-1/2"]
[WhiteElo "2235"]
[BlackElo "2290"]

1.e4 c5 2.c3 Nf6 3.e5 Nd5 4.d4 cxd4 5.Bc4 Qc7 6.Qe2 Nb6 7.Bd3 Nc6 8.Nf3 d5
9.exd6 Qxd6 10.Nxd4 g6 11.Nxc6 bxc6 12.O-O Bg7 13.Nd2 O-O 14.Nc4 Qc7 15.Nxb6 axb6
16.Bg5 Be6 17.Bc4 Ra5 18.Bxe6 Rxg5 19.Bb3 Be5 20.g3 Bd6 21.Rad1 Ra8 22.Rd3 Raa5
23.Rfd1 Rgf5 24.Rf3 Rxf3 25.Qxf3 Rf5 26.Qd3 Qa7 27.Rd2 b5 28.Kg2 Qd7 29.Bd1 Rd5
30.Qc2 Rxd2 31.Qxd2 c5 32.a3 Qa7 33.Qd5 Qb6 34.Bf3 b4 35.Qb7 Qxb7 36.Bxb7 bxc3
37.bxc3 Be5 38.c4 Kf8 39.Kf3 Bb2 40.a4 Bc3 41.Ke4  1/2-1/2

[Event "BL9697 (Women)"]
[Site "Germany"]
[Date "1997.??.??"]
[Round "?"]
[White "Holoubkova, Martina"]
[Black "Mai, Iris"]
[Result "1-0"]
[WhiteElo "2335"]
[BlackElo "2185"]

1.e4 c5 2.c3 Nf6 3.e5 Nd5 4.d4 cxd4 5.Nf3 e6 6.cxd4 Nc6 7.Nc3 Nxc3 8.bxc3 Qc7
9.Bd2 d6 10.exd6 Bxd6 11.Bd3 Bd7 12.O-O Ne7 13.Qe2 Nd5 14.Ne5 Bxe5 15.dxe5 Ne7
16.Rfe1 Rd8 17.Rab1 Bc6 18.Rb4 Rd7 19.Bc2 Ng6 20.Bg5 Rd5 21.Re4 O-O 22.Qh5 f5
23.R4e3 Re8 24.Bb3 Rd7 25.Rh3 Bd5 26.Qxh7+ Kf7 27.Bf6 Rg8 28.Rg3 Bxb3 29.Qxg6+ Kf8
30.axb3 f4 31.Rg4 Qxc3 32.Rf1 Qxb3 33.Rxf4 gxf6 34.Rxf6+  1-0

[Event "BL9798 (Women)"]
[Site "Germany"]
[Date "1997.??.??"]
[Round "?.3"]
[White "Jahn, Constanze"]
[Black "Sadkiewicz, Joanna"]
[Result "0-1"]
[WhiteElo "2180"]
[BlackElo "2195"]

1.e4 c5 2.c3 Nf6 3.e5 Nd5 4.d4 cxd4 5.Nf3 Nc6 6.Bc4 Nb6 7.Bb3 d5 8.cxd4 Bg4
9.Be3 e6 10.Nc3 Be7 11.h3 Bh5 12.g4 Bg6 13.h4 h5 14.g5 Nc4 15.O-O Nxb2 16.Qe2 Nc4
17.Bxc4 dxc4 18.Qxc4 Nb4 19.Qb5+ Qd7 20.Qxd7+ Kxd7 21.d5 exd5 22.Rad1 Rhc8
23.Nxd5 Nxd5 24.Rxd5+ Ke6 25.Rd2 Bb4 26.Rb2 Rc4 27.a3 Bc3 28.Rb5 Rg4+ 29.Kh2 Bd3
30.Rc1 Bxb5 31.Rxc3 Rd8 32.Bxa7 Bc6 33.Bb6 Rd1 34.Bc7 Bxf3 35.Rxf3 Rxh4+
36.Kg2 Rg4+ 37.Kh2 Rd7 38.Bd6 Rxg5 39.Rb3 Rg4 40.f3 Ra4 41.Kg3 g5 42.Rb1 Rc4
43.Kf2 Rc2+ 44.Ke3 Kf5 45.Rh1 Rc3+ 46.Ke2 h4 47.Rg1 f6  0-1

[Event "BL9798 (Women)"]
[Site "Germany"]
[Date "1997.??.??"]
[Round "?.2"]
[White "Werner, Isabel"]
[Black "Krupkova, Petra"]
[Result "1/2-1/2"]
[WhiteElo "2220"]
[BlackElo "2275"]

1.e4 c5 2.c3 Nf6 3.e5 Nd5 4.d4 cxd4 5.Nf3 e6 6.cxd4 b6 7.Nc3 Nxc3 8.bxc3 Qc7
9.Bd2 d6 10.Bd3 Nd7 11.O-O dxe5 12.Re1 g6 13.Nxe5 Nxe5 14.dxe5 Bg7 15.Qf3 Rb8
16.Bb5+ Bd7 17.c4 a5 18.Bg5 O-O 19.Qe4 Bxb5 20.cxb5 Rfc8 21.Rac1 Qxe5 22.Qxe5 Bxe5
23.Rxe5 f6 24.Rxe6 fxg5 25.Rcc6 Rxc6 26.Rxc6 Rd8  1/2-1/2

[Event "BL9798 (Women)"]
[Site "Germany"]
[Date "1997.??.??"]
[Round "?.2"]
[White "Krupkova, Petra"]
[Black "Dergatschova Daus, Anna"]
[Result "1/2-1/2"]
[WhiteElo "2275"]
[BlackElo "2250"]

1.e4 c5 2.c3 Nf6 3.e5 Nd5 4.d4 cxd4 5.Nf3 e6 6.cxd4 b6 7.Nc3 Bb7 8.Bd3 Nxc3
9.bxc3 Be7 10.O-O d6 11.Re1 Nd7 12.Bf4 Qc7 13.exd6 Bxd6 14.Bxd6 Qxd6 15.a4 O-O
16.a5 Rac8 17.axb6 axb6 18.Rc1 Nf6 19.Ne5 Rfd8 20.Qb3 Qd5 21.Qxd5 Nxd5 22.c4 Nf4
23.Be4 Bxe4 24.Rxe4 Rxd4 25.Rxd4 Ne2+ 26.Kf1 Nxd4 27.Rd1 Nb3 28.Rd6 f6 29.Rxb6 Nd4
30.Nf3 Nxf3 31.gxf3  1/2-1/2

[Event "BL9798 (Women)"]
[Site "Germany"]
[Date "1997.??.??"]
[Round "?.2"]
[White "Krupkova, Petra"]
[Black "Broeder, Iris"]
[Result "1-0"]
[WhiteElo "2275"]
[BlackElo "2165"]

1.e4 c5 2.c3 Nf6 3.e5 Nd5 4.d4 cxd4 5.Nf3 e6 6.cxd4 Nc6 7.Bc4 Bb4+ 8.Bd2 Nb6
9.Bb3 Bxd2+ 10.Nbxd2 d5 11.O-O Bd7 12.Re1 Qe7 13.a3 O-O 14.Bc2 Na5 15.Nf1 Bb5
16.Ne3 Rfc8 17.b3 Rc3 18.Qd2 Rac8 19.Reb1 Qc7 20.Ne1 a6 21.b4 Rxe3 22.Qxe3 Nac4
23.Qh3 g6 24.a4 Be8 25.Qh6 Qe7 26.Bb3 Qf8 27.Qxf8+ Kxf8 28.Nf3 Ke7 29.Kf1 g5
30.Ke2 h6 31.Rc1 Na8 32.Nd2 b5 33.a5 Nc7 34.Nf3 Bd7 35.Ne1 Ne8 36.Nd3 Rc7
37.Nc5 Ra7 38.h4 Ng7 39.g4 gxh4 40.Rh1 h5 41.f3 f6 42.exf6+ Kxf6 43.Rxh4 Be8
44.Rah1 hxg4 45.fxg4 Bg6 46.Rh8 Kg5 47.Rg8 Nd6 48.Rxg7 Rxg7 49.Nxe6+ Kf6
50.Nxg7  1-0

[Event "BL2-N9697"]
[Site "Germany"]
[Date "1997.??.??"]
[Round "?.1"]
[White "Rabiega, Robert"]
[Black "Matthey, Harald"]
[Result "1-0"]
[WhiteElo "2480"]
[BlackElo "2325"]

1.e4 c5 2.c3 Nf6 3.e5 Nd5 4.Nf3 e6 5.Bc4 b6 6.O-O Ba6 7.Bxa6 Nxa6 8.d4 cxd4
9.Nxd4 Nac7 10.c4 Ne7 11.Bg5 h6 12.Qh5 g6 13.Qh4 Bg7 14.Bf6 g5 15.Qg3 Bxf6
16.exf6 Ng6 17.Nc3 O-O 18.Rad1 Ne8 19.Qh3 Kh7 20.Ne4 Nxf6 21.Nc6 Nf4 22.Qf3 dxc6
23.Rxd8 Raxd8 24.Nxf6+ Kg6 25.Ng4  1-0

[Event "BL2-S9697"]
[Site "Germany"]
[Date "1997.??.??"]
[Round "?.3"]
[White "Beikert, Guenther"]
[Black "Fahnenschmidt, Gerhard"]
[Result "1-0"]
[WhiteElo "2435"]
[BlackElo "2385"]

1.e4 c5 2.c3 Nf6 3.e5 Nd5 4.d4 cxd4 5.Nf3 Nc6 6.Bc4 Nb6 7.Bb3 d5 8.exd6 Qxd6
9.O-O Be6 10.Bxe6 Qxe6 11.Nxd4 Qd7 12.Nxc6 Qxc6 13.Qe2 e6 14.b3 Be7 15.c4 Bf6
16.Bb2 Bxb2 17.Qxb2 O-O 18.Nd2 Rfd8 19.Nf3 f6 20.Rfd1 e5 21.Qe2 a5 22.Rd2 Rxd2
23.Qxd2 Qc5 24.Rd1 e4 25.Ne1 a4 26.Nc2 axb3 27.axb3 Ra2 28.g3 Kf7 29.Qc3 Qh5
30.Rd2 Qf3 31.Ne3 Rxd2 32.Qxd2 Ke8 33.Qd6 Nd7 34.Qe6+ Kd8 35.Qg8+ Kc7 36.Qxg7 Kd6
37.Qxh7 Nc5 38.Nf5+ Ke5 39.Qc7+ Kxf5 40.Qxc5+ Kg6 41.Qe3 Qd1+ 42.Kg2 f5 43.h4 Kf7
44.Qf4 Ke6 45.g4 fxg4 46.Qxe4+ Kf6 47.Qxb7 Qd3 48.Qc6+ Ke7 49.Qc7+ Ke8 50.Qe5+ Kf8
51.Qf4+ Kg8 52.Qxg4+ Kh8 53.Qh5+ Kg8 54.Qe8+ Kh7 55.h5 Qxb3 56.Qf7+ Kh8 57.Qf6+ Kh7
58.h6 Qb7+ 59.f3 Qb2+ 60.Qxb2  1-0

[Event "BL2-W9697"]
[Site "Germany"]
[Date "1997.??.??"]
[Round "?.6"]
[White "Michalczak, Thomas"]
[Black "Tennstedt, Andreas"]
[Result "1/2-1/2"]
[WhiteElo "2250"]
[BlackElo "2225"]

1.e4 c5 2.c3 Nf6 3.e5 Nd5 4.d4 cxd4 5.Nf3 Nc6 6.Bc4 Nb6 7.Bb3 d6 8.exd6 Qxd6
9.O-O Be6 10.Na3 Bxb3 11.Qxb3 Rc8 12.Nb5 Qd5 13.Nbxd4 Nxd4 14.Nxd4 Qxb3 15.axb3 a6
16.b4 f6 17.Ne6 Kf7 18.Re1 g5 19.b5 axb5 20.Ra7 Rb8 21.h4 h6 22.f4 Nc8 23.Ra5 Nd6
24.fxg5 hxg5 25.hxg5 fxg5 26.Nxg5+ Kg6 27.Ne4 b6 28.Ra7 Rh4 29.Nxd6 exd6
30.g3 Rc4 31.Bf4 Rbc8 32.Bxd6 Bxd6 33.Re6+ Kf5 34.Rxd6 b4 35.Rxb6 bxc3 36.bxc3 Rxc3
37.Rf7+ Kg5 38.Rg7+ Kh5 39.Rh7+ Kg5 40.Rg7+ Kh5 41.Kg2 R8c6 42.Rbb7 R6c4
43.Kh3 Kh6 44.Rg8 Rc7 45.Rb6+ R7c6 46.Rbb8 Rg6 47.Rh8+ Kg7 48.Rbg8+ Kf7 49.Rxg6 Kxg6
50.Kh4 Rc4+ 51.Kh3 Ra4  1/2-1/2

[Event "Landesliga Nord 9697 Bayern"]
[Site "Germany"]
[Date "1997.??.??"]
[Round "?"]
[White "Krug, Stefan"]
[Black "Bunk, Karsten"]
[Result "1/2-1/2"]
[WhiteElo "2115"]
[BlackElo "2100"]

1.e4 c5 2.c3 Nf6 3.e5 Nd5 4.d4 cxd4 5.Nf3 Qc7 6.cxd4 e6 7.Bd2 b6 8.Nc3 Nxc3
9.bxc3 Ba6 10.Bxa6 Nxa6 11.Qe2 Qb7 12.O-O Be7 13.Ng5 O-O 14.Ne4 f5 15.exf6 gxf6
16.Bh6 Rf7 17.Qg4+ Kh8 18.Qh5 Kg8 19.Qg4+ Kh8 20.Qh5 Kg8 21.Qg4+  1/2-1/2

[Event "BL2-S9697"]
[Site "Germany"]
[Date "1997.??.??"]
[Round "?.7"]
[White "Eisele, Steffen"]
[Black "Martin, Stefan"]
[Result "1-0"]
[WhiteElo "2125"]
[BlackElo "2235"]

1.e4 c5 2.c3 Nf6 3.e5 Nd5 4.d4 cxd4 5.Qxd4 e6 6.Bc4 Nc6 7.Qe4 f5 8.Qe2 Nb6
9.Bb3 Be7 10.Nf3 O-O 11.O-O Na5 12.Bc2 d5 13.exd6 Bxd6 14.b3 Qc7 15.Rd1 Bd7
16.Rxd6 Qxd6 17.Ba3 Qc7 18.Bxf8 Rxf8 19.c4 Nc6 20.Nc3 e5 21.c5 Nb4 22.Qxe5 Qxe5
23.Nxe5 Nxc2 24.Rc1 Re8 25.f4 Nb4 26.cxb6 Bc6 27.bxa7 Ra8 28.a3 Na6 29.b4 Nc7
30.g3 Rxa7 31.b5 Nxb5 32.Nxb5 Ra5 33.Nd4 Rxa3 34.Nexc6 bxc6 35.Nxf5  1-0

[Event "BL2-S9697"]
[Site "Germany"]
[Date "1997.??.??"]
[Round "?.7"]
[White "Appel, Helmut"]
[Black "Roederer, Kai"]
[Result "0-1"]
[WhiteElo "2050"]
[BlackElo "2200"]

1.e4 c5 2.c3 Nf6 3.e5 Nd5 4.Nf3 e6 5.Bc4 Nb6 6.Be2 d5 7.d4 cxd4 8.cxd4 Be7
9.O-O Bd7 10.b3 Nc6 11.Qd2 a5 12.Qf4 O-O 13.Qg3 Kh8 14.Nc3 a4 15.Bf4 Nb4
16.Bg5 a3 17.Bxe7 Qxe7 18.Rac1 Rfc8 19.Qf4 Rc7 20.Qd2 Rac8 21.Rfd1 Be8 22.Ne1 Nd7
23.Nd3 Nxd3 24.Qxd3 Qb4 25.Rc2 Rxc3 26.Qd2 R8c6 27.Bb5 Qxb5 28.Rxc3 Nb8 29.Rdc1 Na6
30.Rxc6 bxc6 31.Qg5 Qb8 32.Qe7 Kg8 33.Qxa3 Qb7 34.Qa5 Nc7 35.h3 Nb5 36.Qb4 Qa7
37.a4 Nxd4 38.Rc5 Nxb3 39.Rc3 Na5 40.Qd6 Nc4 41.Qd8 Qd7 42.Qxd7 Bxd7 43.a5 Nxa5
44.Ra3 f6 45.Rxa5 fxe5 46.Ra7 Be8 47.Re7 Kf8 48.Rxe6 e4 49.Re5 Bd7 50.Rg5 Kf7
51.Kf1 Kf6 52.Rg3 d4 53.Rb3 Be6 54.Rb6 c5 55.Ke1 c4 56.Kd2 g5  0-1

[Event "Oberliga Nord O9798"]
[Site "Germany"]
[Date "1997.??.??"]
[Round "?"]
[White "Rahls, Peter"]
[Black "Dyballa, Markus"]
[Result "0-1"]
[WhiteElo "2245"]
[BlackElo "2310"]

1.e4 c5 2.c3 Nf6 3.e5 Nd5 4.d4 cxd4 5.cxd4 d6 6.Nf3 Nc6 7.Bc4 Nb6 8.Bb3 d5
9.Nc3 Bg4 10.O-O e6 11.Ne2 Be7 12.Be3 Rc8 13.Ng3 Nc4 14.Bxc4 dxc4 15.h3 Bxf3
16.Qxf3 Qd5 17.Qg4 g6 18.Ne4 h5 19.Qf4 Rg8 20.Nc3 Qd7 21.a3 Bd8 22.Rad1 Ne7
23.Qh6 Nd5 24.Qh7 Rf8 25.Bh6 Be7 26.Bxf8 Bxf8 27.Ne4 Kd8 28.Qh8 Kc7 29.Nf6 Bxa3
30.Nxd7 Rxh8 31.bxa3 Kxd7 32.Rb1 b6 33.f4 c3 34.Rf3 Rc8 35.g3 Rc4 36.Rd3 Ra4
37.Rc1 Rxa3 38.g4 hxg4 39.hxg4 Nxf4 40.Re3 Ra5 41.Rf1 g5 42.Kf2 b5 43.Kf3 Nd5
44.Rd3 b4 45.Ke4 b3 46.Rxf7+ Kc6  0-1

[Event "Oberliga Ost B9798"]
[Site "Germany"]
[Date "1997.??.??"]
[Round "?.6"]
[White "Zimmermann, Frank"]
[Black "Tennstedt, Andreas"]
[Result "1/2-1/2"]
[WhiteElo "2280"]
[BlackElo "2215"]

1.e4 c5 2.c3 Nf6 3.e5 Nd5 4.d4 cxd4 5.Nf3 Nc6 6.Bc4 Nb6 7.Bb3 d5 8.exd6 Qxd6
9.cxd4 Be6 10.O-O Bxb3 11.axb3 e6 12.Na3 Rd8 13.Be3 Qd5 14.Rc1 Be7 15.Nc4 Bf6
16.Nce5 Bxe5 17.dxe5 Qxd1 18.Rfxd1 Rxd1+ 19.Rxd1 Nd7 20.h3 h6 21.Nd4 Nxd4
22.Bxd4 a6 23.f4 Ke7 24.Rc1 Rb8 25.Ba7 Ra8 26.Bf2 Kd8 27.Bh4+ f6 28.exf6 Nxf6
29.Rd1+  1/2-1/2

[Event "Oberliga Ost B9798"]
[Site "Germany"]
[Date "1997.??.??"]
[Round "?.6"]
[White "Rechel, Ralf"]
[Black "Koehler, Ronald"]
[Result "0-1"]
[WhiteElo "2210"]
[BlackElo "2235"]

1.e4 c5 2.c3 Nf6 3.e5 Nd5 4.d4 cxd4 5.Nf3 e6 6.cxd4 b6 7.Nc3 Nxc3 8.bxc3 Qc7
9.Bd2 Bb7 10.Bd3 d6 11.O-O Nd7 12.Ng5 dxe5 13.Qh5 g6 14.Qh3 Be7 15.Rfe1 Rf8
16.a4 a6 17.a5 b5 18.c4 bxc4 19.Rec1 Bd5 20.Bxc4 Bxc4 21.Ne4 Qb7 22.Rxc4 Qxe4
23.Rac1 exd4 24.Bh6 f6 25.Bxf8 Nxf8 26.Qh6 Kf7 27.Rc7 Rb8 28.g3 Rb1 29.Qd2 g5
30.Qa2 Rxc1+ 31.Rxc1 Ng6 32.Qc4 Ne5 33.Qxa6 d3 34.Rd1 Nf3+ 35.Kf1 Qe2+  0-1

[Event "Oberliga Ost B9798"]
[Site "Germany"]
[Date "1997.??.??"]
[Round "?.1"]
[White "Euler, Gerd"]
[Black "Komsic, Drago"]
[Result "1/2-1/2"]
[WhiteElo "2365"]
[BlackElo "2350"]

1.e4 c5 2.c3 Nf6 3.e5 Nd5 4.d4 e6 5.Nf3 cxd4 6.Qxd4 Nc6 7.Qe4 d6 8.c4 Nb6
9.Nc3 Nd7 10.exd6 Nf6 11.Qe2 Bxd6 12.g3 O-O 13.Bg2 h6 14.O-O a6 15.Rd1 Qc7
16.Be3 e5 17.h3 Be6 18.Rac1 Qe7 19.Nh4 Rfd8 20.Nd5 Bxd5 21.cxd5 Nb8 22.Bb6 Re8
23.Nf5 Qd7 24.Nxd6 Qxd6 25.Bc7 Qd7 26.Bxe5 Qf5 27.f4 Nbd7 28.Re1 Nxe5 29.fxe5 Nd7
30.e6 fxe6 31.dxe6 Nc5 32.g4 Qg5 33.Qc4 Rac8 34.b4 Nxe6 35.Qxc8 Rxc8 36.Rxc8+ Kf7
37.Rb8 Qd2 38.Rxb7+ Kf6 39.Rxe6+ Kxe6 40.Rb6+ Ke5 41.Rxa6 Qe3+ 42.Kh2 Qf4+
43.Kh1 Qxb4 44.Ra7 Kf6 45.Rb7 Qe1+ 46.Kh2 Qe5+ 47.Kh1 Qa1+ 48.Kh2 Qxa2 49.Rb6+ Ke5
50.Rb4 Qd2 51.Rb3 g6 52.Rf3 Qd1 53.Rf1  1/2-1/2

[Event "BL2-N9798"]
[Site "Germany"]
[Date "1997.??.??"]
[Round "1.1"]
[White "Rosenthal, Dirk"]
[Black "Lagunow, Alexander"]
[Result "0-1"]
[WhiteElo "2345"]
[BlackElo "2450"]

1.e4 c5 2.c3 Nf6 3.e5 Nd5 4.d4 cxd4 5.cxd4 d6 6.Bc4 Nb6 7.Bb5+ Bd7 8.e6 Bxb5
9.Qh5 Qc8 10.Qxb5+ Kd8 11.Be3 Qxe6 12.d5 Qd7 13.Bxb6+ axb6 14.Qxb6+ Qc7 15.Qe3 Qc5
16.Qd2 g6 17.Ne2 Bg7 18.O-O Nd7 19.Nbc3 h5 20.b4 Qxb4 21.Rab1 Qc4 22.Rxb7 Nc5
23.Rb6 Kd7 24.Rfb1 Rhc8 25.a4 Kd8 26.R6b4 Qd3 27.Qe1 Nd7 28.Nb5 Qxd5 29.Rd1 Qe5
30.Qd2 Nc5 31.Ned4 Nxa4 32.Ra1 Qc5 33.g3 Bxd4 34.Nxd4 Qc3 35.Qxc3 Nxc3 36.Rxa8 Rxa8
37.Rb7 Rc8 38.Kf1 Rc7 39.Rb8+ Kd7 40.Rf8 Rc4 41.Nf3 f6 42.Rg8 g5 43.Rh8 g4
44.Ne1 Rc5 45.Nd3 Rd5 46.Nf4 Rd1+ 47.Kg2 Rd2 48.Rxh5 Ne4 49.h4 Rxf2+ 50.Kg1 Rf3
51.Rh7 Nxg3 52.Nd5 Ne2+ 53.Kh1 Rf2  0-1

[Event "BL2-O9798"]
[Site "Germany"]
[Date "1997.??.??"]
[Round "1.4"]
[White "Dutschak, Hauke"]
[Black "Kaminski, Uwe"]
[Result "0-1"]
[WhiteElo "2320"]
[BlackElo "2370"]

1.e4 c5 2.c3 Nf6 3.d3 d6 4.f4 Nc6 5.Nf3 g6 6.Be2 Bg7 7.O-O O-O 8.Kh1 e5 9.c4 exf4
10.Nc3 h6 11.Bxf4 Be6 12.Qd2 Kh7 13.Rae1 Ng4 14.b4 cxb4 15.Nb5 Nge5 16.d4 Nxc4
17.Qc1 a6 18.Nxd6 Nxd6 19.d5 Bxd5 20.exd5 Ne7 21.Qc5 Ne4 22.Qxb4 Nc3 23.Qxb7 Nexd5
24.Be5 Qb6 25.Qd7 Ne3 26.Ng5+ hxg5 27.Rxf7 Rxf7 28.Qxf7 Ra7 29.Qe8 Bxe5 30.Qxe5 Nxe2  0-1

[Event "Ruhr-ch Seniors 4th"]
[Site "Germany"]
[Date "1997.??.??"]
[Round "2"]
[White "Rodemann, Edmund"]
[Black "Schmitthoefer, Herbert"]
[Result "1/2-1/2"]
[WhiteElo "1930"]
[BlackElo "1785"]

1.e4 c5 2.c3 Nf6 3.e5 Nd5 4.d4 cxd4 5.Nf3 Nc6 6.Bc4 Nb6 7.Bb3 e6 8.cxd4 Bb4+
9.Nbd2 Na5 10.Bc2 d5 11.a3 Be7 12.O-O Bd7 13.Bd3 Rc8 14.b3 h5 15.Bb2 g5 16.Ne1 g4
17.f4 Bf8 18.Rc1 Rxc1 19.Bxc1 Nc6 20.Nc2 Bh6 21.Nb1 Ne7 22.Ne3 Nf5 23.Nxf5 exf5
24.Nc3 Be6 25.Nb5 Nc8 26.Qc2 a6 27.Nc3 Ne7 28.Na4 O-O 29.Be3 Qc8 30.Qb1 b5
31.Rc1 Qb7 32.Nc5 Qb6 33.Qc2 Rc8 34.Qd2 Bf8 35.Qe1 Ng6 36.Qb4 Ne7 37.Qe1 Ng6
38.Qe2 Bxc5 39.dxc5 Qc6 40.Qc2 d4 41.Bd2 Nh4 42.Be1 Ng6 43.g3 Qf3 44.Be2 Qc6
45.b4 Bd5 46.Qd2 Bh1 47.Bf1 Rd8 48.Bg2 Bxg2 49.Qxg2 Ne7 50.Qxc6 Nxc6 51.Kf2 Kf8
52.Ke2 Ke7 53.Kd3 f6 54.exf6+ Kxf6 55.Bd2 Ke6 56.h3 Kf6 57.h4 Re8 58.Ra1 Ke6
59.Re1+ Kd7 60.Ra1 Ke6 61.Re1+ Kd7 62.Rxe8 Kxe8 63.Be1 Kd7 64.Bf2 a5 65.bxa5 Nxa5
66.Kxd4 Nc6+ 67.Kd5 b4 68.axb4 Nxb4+ 69.Kc4 Nc6 70.Bd4 Ke6 71.Bc3 Ne7 72.Bd2 Nc6  1/2-1/2

[Event "NRW-Liga 9798"]
[Site "Germany"]
[Date "1997.??.??"]
[Round "3.1"]
[White "Kreutzkamp, Reinhold"]
[Black "Wessels, Marco"]
[Result "1/2-1/2"]
[WhiteElo "2265"]
[BlackElo "2265"]

1.e4 c5 2.c3 Nf6 3.d3 Nc6 4.Nf3 d6 5.Nbd2 g6 6.Be2 Bg7 7.O-O O-O 8.a3 d5
9.Qc2 Qc7 10.b3 b6 11.Bb2 Bb7 12.Rfe1 Rad8 13.Bf1 e5 14.b4 Rfe8 15.Rad1 Rc8
16.Qb3 dxe4 17.dxe4 Nd8 18.Qc2 cxb4 19.axb4 Nc6 20.Qb1 Re7 21.Nc4 Ne8 22.Ne3 Nd8
23.Nd5 Bxd5 24.Rxd5 Nf6 25.Rdd1 Nb7 26.Ba6 Rce8 27.Bxb7 Qxb7  1/2-1/2

[Event "NRW-Liga II 9697"]
[Site "Germany"]
[Date "1997.??.??"]
[Round "7.2"]
[White "Kreutzkamp, Reinhold"]
[Black "Hubert, Ralf"]
[Result "1-0"]
[WhiteElo "2265"]
[BlackElo "2355"]

1.e4 c5 2.c3 Nf6 3.e5 Nd5 4.d4 cxd4 5.Nf3 e6 6.cxd4 d6 7.a3 Nc6 8.Bd3 Qa5+
9.Bd2 Qb6 10.Nc3 Nxc3 11.Bxc3 d5 12.O-O Bd7 13.Qd2 Be7 14.b4 Bd8 15.Rfd1 h6
16.Rab1 Ne7 17.b5 Rc8 18.a4 Qc7 19.Bb4 b6 20.Rdc1 Qb7 21.Rxc8 Bxc8 22.Rc1 Qd7
23.Rc3 Bb7 24.Qc2 O-O 25.Bd6 Re8 26.Bc7 Qc8 27.Bxb6 axb6 28.Rxc8 Nxc8 29.Qb2 Re7
30.Nd2 f6 31.exf6 gxf6 32.Nb3 Nd6 33.Qd2 e5 34.Qxh6 e4 35.Be2 Rh7 36.Qf4 Bc7
37.Qxf6 e3 38.fxe3 Ne4 39.Qe6+ Kf8 40.g3 Bd8 41.Bd3 Bg5 42.Bxe4 Bxe3+ 43.Kg2 dxe4
44.Qxb6 Rf7 45.Qc5+ Kg8 46.Na5  1-0

[Event "NRW-Liga I 9697"]
[Site "Germany"]
[Date "1997.??.??"]
[Round "7.2"]
[White "Kruse, Herbert"]
[Black "Teloeken, Andreas"]
[Result "0-1"]
[WhiteElo "2210"]
[BlackElo "2150"]

1.e4 c5 2.c3 Nf6 3.e5 Nd5 4.Nf3 e6 5.d4 cxd4 6.cxd4 d6 7.Nc3 Nxc3 8.bxc3 Nd7
9.Qa4 Qc7 10.Bd2 Be7 11.Bd3 b6 12.exd6 Bxd6 13.Qc2 Nf6 14.Bg5 Nd5 15.Rc1 Bb7
16.O-O Rc8 17.Bb5+ Kf8 18.Bd2 Nf4 19.Qd1 a6 20.Ba4 Qc4 21.Bb3 Ne2+ 22.Kh1 Qd3
23.d5 Nxc1 24.Qxc1 Bxd5 25.Bxd5 Qxd5 26.Rd1 Qc6 27.Bf4 Be7 28.Rd3 h6 29.Qd2 g5
30.Be5 f6 31.Nd4 Qc4 32.Bg3 e5 33.Ne2 Kf7 34.Qc2 Rcd8 35.Re3 Qd5 36.Ng1 Bd6
37.Qe2 Rhe8 38.c4 Qb7 39.f4 exf4 40.Qh5+ Kg7 41.Rxe8 Rxe8 42.Qxe8 fxg3 43.hxg3 Bxg3
44.Nf3 Qf7 45.Qc6 Qc7 46.Qe4 Qf7 47.Kg1 Bd6 48.g4 h5 49.Kg2 Qe7 50.Qxe7+ Bxe7
51.Nd4 hxg4 52.Nf5+ Kf7 53.Kg3 Bc5 54.Kxg4 Ke6  0-1

[Event "Ruhr-ch Seniors 4th"]
[Site "Germany"]
[Date "1997.??.??"]
[Round "9"]
[White "Rodemann, Edmund"]
[Black "Bleul, Peter"]
[Result "1/2-1/2"]
[WhiteElo "1930"]
[BlackElo "1985"]

1.e4 c5 2.c3 Nf6 3.e5 Nd5 4.d4 cxd4 5.Nf3 d6 6.Bc4 dxe5 7.Nxe5 e6 8.Bb5+ Bd7
9.Nxd7 Nxd7 10.Qxd4 a6 11.Be2 b5 12.Nd2 Qb6 13.Qxb6 N7xb6 14.c4 Nf4 15.cxb5 Nxe2
16.Kxe2 axb5 17.Ne4 b4 18.Be3 Nd5 19.Rhc1 Be7 20.a3 bxa3 21.bxa3 Nxe3  1/2-1/2

[Event "Dov Porath mem"]
[Site "Givatayim"]
[Date "1997.??.??"]
[Round "4"]
[White "Finkel, Alexander"]
[Black "Vovsha, Eli"]
[Result "1-0"]
[WhiteElo "2505"]
[BlackElo "2205"]

1.e4 c5 2.c3 Nf6 3.e5 Nd5 4.Nf3 d6 5.d4 cxd4 6.Qxd4 e6 7.Nbd2 Nc6 8.Qe4 Nxe5
9.Nxe5 dxe5 10.Qxe5 Nf6 11.Qg3 Qd6 12.Nc4 Qxg3 13.hxg3 Bc5 14.Bd3 b6 15.Be3 Bxe3
16.Nxe3 Bb7 17.a4 Ne4 18.a5 Ke7 19.Rh4 f5 20.f3 Nc5 21.Bc2 Ba6 22.axb6 axb6
23.Rb4 Nd7 24.g4 g6 25.gxf5 gxf5 26.Kf2 Bb7 27.Re1 Kf6 28.g4 fxg4 29.Rf4+ Ke7
30.Nf5+ Kd8 31.Nd6 Bxf3 32.Nf7+ Kc7 33.Nxh8 Rxh8 34.Rxe6 h5 35.Re7 Kd6 36.Rg7 Nc5
37.Rg6+ Kc7 38.Rf7+ Nd7 39.Ba4 Rd8 40.Rh6 Bd5 41.Rxd7+ Rxd7 42.Bxd7 Kxd7
43.Rxh5 Kc6 44.Rg5 Be6 45.Ke3 Kd6 46.Kd4 Bd7 47.c4 Be6 48.b3  1-0

[Event "Dov Porath mem"]
[Site "Givatayim"]
[Date "1997.??.??"]
[Round "7"]
[White "Finkel, Alexander"]
[Black "Soffer, Ram"]
[Result "1/2-1/2"]
[WhiteElo "2505"]
[BlackElo "2525"]

1.e4 c5 2.c3 Nf6 3.e5 Nd5 4.Nf3 e6 5.d4 cxd4 6.cxd4 b6 7.Bd3 Bb4+ 8.Bd2 Bxd2+
9.Nbxd2 Ba6 10.Bxa6 Nxa6 11.Ne4 O-O 12.O-O f6 13.exf6 gxf6 14.Rc1 Nab4 15.a3 Nc6
16.Nc3 Nce7 17.Nd2 Kh8 18.Nc4 Rc8 19.Ne3 Nxc3 20.bxc3 f5 21.c4 f4 22.Ng4 Nf5
23.Ne5 Qg5 24.Nf3 Qg4 25.Kh1 Rf6 26.Ne5 Qg7 27.Qg4 Qxg4 28.Nxg4 Rg6 29.Ne5 Rg7
30.c5 Nxd4 31.cxb6 Rxc1 32.Rxc1 axb6 33.Rd1 d6 34.Rxd4 dxe5 35.Rd6 Rc7 36.h4 Rc1+
37.Kh2 Rc2 38.Rxe6 Rxf2 39.Rxe5  1/2-1/2